| 000 | 00520pam a2200157a 44500 | ||
|---|---|---|---|
| 008 | 230515b2012 xxu||||| |||| 00| 0 eng d | ||
| 020 | _aNULL | ||
| 041 | _aENGLISH | ||
| 082 | _a610.0 | ||
| 100 | _aMS.ANKITA A. DESSAI | ||
| 245 | _aA STUDY TO ASSESS THE EFFECTIVENESS OF PLANNED TEACHING ON THE KNOWLEDGE OF REPRODUCTIVE HEALTH AMONG FEMALE ADOLESCENT STUDENTS IN SELECTED COLLEGES OF PUNE CITY. | ||
| 250 | _a1 | ||
| 260 |
_a _bBHARATI VIDYAPEETH DEEMED UNIVERSITY, PUNE, _c2012 |
||
| 300 | _a116 | ||
| 650 | _aNULL | ||
| 999 |
_c532075 _d532075 |
||